Pozitíva a negatíva navrhovanej novely o odmeňovaní znalcov v podmienkach Slovenskej republiky

Odmeny znalcov za ich odbornú činnosť na Slovensku upravuje vyhláška č. 491/2004 Z. z., ktorá nebola upravovaná od roku 2004. Predkladaný príspevok za zaoberá novelizáciou odmeňovania znalcov na Slovensku, ktorá by mala vstúpiť do platnosti v roku 2024. Hlavným cieľom predkladaného príspevku je zhod...

Ausführliche Beschreibung

Gespeichert in:
Bibliographische Detailangaben
1. Verfasser: Stašková, Slavomíra, 1989-
Weitere Verfasser: Staško, Martin, 1984-
Format: Buchkapitel
Sprache:Slowakisch
Schlagworte:
Tags: Tag hinzufügen
Keine Tags, Fügen Sie das erste Tag hinzu!

MARC

LEADER 00000naa$a2200000$$$4500
001 0297637
005 20240502074516.0
041 0 |a slo 
044 |a SK 
245 1 0 |a Pozitíva a negatíva navrhovanej novely o odmeňovaní znalcov v podmienkach Slovenskej republiky  |c Slavomíra Stašková, Martin Staško 
520 |a Odmeny znalcov za ich odbornú činnosť na Slovensku upravuje vyhláška č. 491/2004 Z. z., ktorá nebola upravovaná od roku 2004. Predkladaný príspevok za zaoberá novelizáciou odmeňovania znalcov na Slovensku, ktorá by mala vstúpiť do platnosti v roku 2024. Hlavným cieľom predkladaného príspevku je zhodnotiť hlavné pozitíva a negatíva navrhovanej novely vyhlášky o odmenách znalcov za ich znaleckú činnosť vykonávanú na území Slovenskej republiky. 
610 2 0 |a odmeny 
610 2 0 |a znalci 
610 2 0 |a znalectvo 
610 2 0 |a zákony 
610 2 0 |a vyhlášky 
610 2 0 |a novelizácia 
610 2 0 |a Slovensko 
100 1 |a Stašková, Slavomíra, 1989- 
700 1 |a Staško, Martin, 1984-